[Event "msr2018"]
[Site "?"]
[Date "2018.04.22"]
[Round "3.1"]
[White "Varga, Lukas"]
[Black "Haring, Filip"]
[Result "0-1"]
[BlackElo "2339"]
[WhiteElo "1962"]
[LiveChessVersion "1.4.8"]

1. e4 {[%clk 1:30:57]} c5 {[%clk 1:30:45]} 2. Nf3 {[%clk 1:31:20]} e6
{[%clk 1:30:33]} 3. d4 {[%clk 1:31:41]} cxd4 {[%clk 1:30:55]} 4. Nxd4
{[%clk 1:32:05]} a6 {[%clk 1:31:08]} 5. c4 {[%clk 1:31:34]} Nf6 {[%clk 1:31:12]}
6. Nc3 {[%clk 1:31:52]} Bb4 {[%clk 1:31:22]} 7. Qd3 {[%clk 1:32:13]} Nc6
{[%clk 1:30:43]} 8. Nxc6 {[%clk 1:30:50]} dxc6 {[%clk 1:28:44]} 9. Qxd8+
{[%clk 1:31:13]} Kxd8 {[%clk 1:29:12]} 10. e5 {[%clk 1:23:31]} Nd7
{[%clk 1:27:03]} 11. Bf4 {[%clk 1:23:20]} f5 {[%clk 1:26:12]} 12. exf6
{[%clk 1:12:27]} gxf6 {[%clk 1:25:46]} 13. O-O-O {[%clk 1:11:31]} e5
{[%clk 1:22:51]} 14. Bg3 {[%clk 1:02:18]} Ke7 {[%clk 1:19:06]} 15. Bd3
{[%clk 0:55:45]} Nc5 {[%clk 1:17:15]} 16. Bc2 {[%clk 0:54:24]} Be6
{[%clk 1:15:44]} 17. f4 {[%clk 0:53:33]} exf4 {[%clk 1:08:58]} 18. Bxf4
{[%clk 0:53:08]} Rad8 {[%clk 1:08:28]} 19. Bc7 {[%clk 0:45:11]} Rd7
{[%clk 1:04:24]} 20. Rxd7+ {[%clk 0:39:23]} Kxd7 {[%clk 1:04:41]} 21. Bb6
{[%clk 0:39:16]} Ke7 {[%clk 0:44:40]} 22. Re1 {[%clk 0:25:12]} Kf7
{[%clk 0:43:05]} 23. a3 {[%clk 0:24:27]} Bxc3 {[%clk 0:41:45]} 24. bxc3
{[%clk 0:24:38]} Nd7 {[%clk 0:42:13]} 25. Bc7 {[%clk 0:20:11]} Bxc4
{[%clk 0:39:29]} 26. Bf5 {[%clk 0:19:15]} Ne5 {[%clk 0:35:09]} 27. g4
{[%clk 0:14:00]} Nd3+ {[%clk 0:28:41]} 28. Bxd3 {[%clk 0:14:04]} Bxd3
{[%clk 0:29:07]} 29. Bd6 {[%clk 0:10:15]} Rd8 {[%clk 0:23:12]} 30. Re7+
{[%clk 0:09:49]} Kg6 {[%clk 0:22:25]} 31. Bc5 {[%clk 0:09:41]} Rd5
{[%clk 0:20:13]} 32. Bd4 {[%clk 0:08:00]} c5 {[%clk 0:19:29]} 33. Be3
{[%clk 0:08:09]} h5 {[%clk 0:15:35]} 34. gxh5+ {[%clk 0:08:09]} Rxh5
{[%clk 0:15:19]} 35. Bf4 {[%clk 0:05:28]} b5 {[%clk 0:13:51]} 36. Ra7
{[%clk 0:05:12]} Rh4 {[%clk 0:11:43]} 37. Bg3 {[%clk 0:05:05]} Re4
{[%clk 0:11:12]} 38. Rxa6 {[%clk 0:04:06]} Kg5 {[%clk 0:05:23]} 39. Rc6
{[%clk 0:03:14]} c4 {[%clk 0:05:49]} 40. Rc5+ {[%clk 0:00:40]} Kg4
{[%clk 0:04:53]} 41. Rxb5 {[%clk 0:26:37]} Re2 {[%clk 0:35:40]} 42. Rb2
{[%clk 0:26:09]} Re6 {[%clk 0:35:37]} 43. Rf2 {[%clk 0:20:07]} f5
{[%clk 0:35:00]} 44. Rf4+ {[%clk 0:14:24]} Kh3 {[%clk 0:34:00]} 45. Kb2
{[%clk 0:12:54]} Re2+ {[%clk 0:33:11]} 46. Ka1 {[%clk 0:13:05]} Kg2
{[%clk 0:29:43]} 47. Rh4 {[%clk 0:10:58]} Kf3 {[%clk 0:28:32]} 48. a4
{[%clk 0:08:42]} Re7 {[%clk 0:22:51]} 49. Kb2 {[%clk 0:08:11]} Rb7+
{[%clk 0:22:05]} 50. Kc1 {[%clk 0:07:31]} Ke2 {[%clk 0:22:23]} 0-1

[Event "msr2018"]
[Site "?"]
[Date "2018.04.22"]
[Round "3.2"]
[White "Jakab, Bela"]
[Black "Bielik, Jakub"]
[Result "1-0"]
[BlackElo "1939"]
[WhiteElo "2258"]
[LiveChessVersion "1.4.8"]

1. e4 {[%clk 1:30:58]} e6 {[%clk 1:30:55]} 2. d4 {[%clk 1:31:23]} d5
{[%clk 1:31:20]} 3. Nc3 {[%clk 1:31:49]} Bb4 {[%clk 1:31:44]} 4. e5
{[%clk 1:32:13]} b6 {[%clk 1:32:10]} 5. a3 {[%clk 1:32:34]} Bf8 {[%clk 1:32:35]}
6. f4 {[%clk 1:32:11]} Ne7 {[%clk 1:32:58]} 7. Be3 {[%clk 1:30:38]} Qd7
{[%clk 1:33:01]} 8. Nf3 {[%clk 1:29:48]} h5 {[%clk 1:32:18]} 9. Qd2
{[%clk 1:25:02]} Nf5 {[%clk 1:32:09]} 10. Bf2 {[%clk 1:25:09]} Be7
{[%clk 1:32:08]} 11. Bd3 {[%clk 1:19:56]} Ba6 {[%clk 1:32:29]} 12. Ne2
{[%clk 1:17:49]} Bxd3 {[%clk 1:32:31]} 13. Qxd3 {[%clk 1:18:09]} c5
{[%clk 1:31:50]} 14. Ng3 {[%clk 1:16:59]} Nc6 {[%clk 1:21:43]} 15. Nxf5
{[%clk 1:16:46]} exf5 {[%clk 1:22:08]} 16. dxc5 {[%clk 1:10:59]} bxc5
{[%clk 1:21:29]} 17. Rd1 {[%clk 1:11:17]} Rd8 {[%clk 1:18:21]} 18. Bh4
{[%clk 1:10:36]} Bxh4+ {[%clk 1:18:17]} 19. Nxh4 {[%clk 1:10:58]} g6
{[%clk 1:18:44]} 20. O-O {[%clk 1:10:32]} O-O {[%clk 1:18:10]} 21. Rf3
{[%clk 1:05:17]} Ne7 {[%clk 1:13:45]} 22. Rg3 {[%clk 1:03:22]} Rb8
{[%clk 1:13:32]} 23. b3 {[%clk 1:02:46]} Rb6 {[%clk 1:13:02]} 24. Qe2
{[%clk 0:58:51]} Kh7 {[%clk 1:13:10]} 25. h3 {[%clk 0:58:13]} d4 {[%clk 1:11:04]}
26. Rg5 {[%clk 0:55:03]} Nd5 {[%clk 1:08:54]} 27. Qf3 {[%clk 0:54:51]} Rd8
{[%clk 1:07:24]} 28. Rd2 {[%clk 0:46:03]} Ne3 {[%clk 1:07:00]} 29. g4
{[%clk 0:34:09]} fxg4 {[%clk 1:04:19]} 30. hxg4 {[%clk 0:34:34]} hxg4
{[%clk 1:03:38]} 31. Qf2 {[%clk 0:34:15]} Qe7 {[%clk 0:52:41]} 32. Nxg6
{[%clk 0:30:07]} 1-0

[Event "msr2018"]
[Site "?"]
[Date "2018.04.22"]
[Round "3.3"]
[White "Durica, Adam"]
[Black "Sahidi, Samir"]
[Result "0-1"]
[BlackElo "2238"]
[WhiteElo "1890"]
[LiveChessVersion "1.4.8"]

1. d4 {[%clk 1:30:56]} Nf6 {[%clk 1:30:45]} 2. c4 {[%clk 1:31:17]} e6
{[%clk 1:30:10]} 3. Nf3 {[%clk 1:31:15]} Bb4+ {[%clk 1:29:10]} 4. Nbd2
{[%clk 1:30:57]} b6 {[%clk 1:28:33]} 5. a3 {[%clk 1:30:22]} Bxd2+
{[%clk 1:28:05]} 6. Bxd2 {[%clk 1:30:15]} Bb7 {[%clk 1:28:02]} 7. e3
{[%clk 1:29:49]} O-O {[%clk 1:27:33]} 8. Bd3 {[%clk 1:29:20]} d6 {[%clk 1:25:44]}
9. Qc2 {[%clk 1:24:50]} c5 {[%clk 1:24:40]} 10. e4 {[%clk 1:22:52]} cxd4
{[%clk 1:24:09]} 11. Nxd4 {[%clk 1:23:10]} Nbd7 {[%clk 1:23:54]} 12. O-O
{[%clk 1:21:33]} Ne5 {[%clk 1:21:55]} 13. Rfe1 {[%clk 1:20:29]} Rc8
{[%clk 1:21:10]} 14. f4 {[%clk 1:20:30]} Nxc4 {[%clk 1:17:50]} 15. Bxc4
{[%clk 1:21:09]} d5 {[%clk 1:18:42]} 16. e5 {[%clk 1:19:07]} Rxc4
{[%clk 1:16:58]} 17. Qd3 {[%clk 1:18:32]} Nd7 {[%clk 1:16:42]} 18. b3
{[%clk 1:17:12]} Rc8 {[%clk 1:16:29]} 19. b4 {[%clk 1:17:00]} Qe7
{[%clk 1:09:34]} 20. f5 {[%clk 1:14:11]} Kh8 {[%clk 1:05:16]} 21. fxe6
{[%clk 1:09:53]} fxe6 {[%clk 1:05:30]} 22. Qh3 {[%clk 1:10:03]} Rce8
{[%clk 0:59:30]} 23. Nb5 {[%clk 1:07:20]} Qf7 {[%clk 0:55:41]} 24. Rf1
{[%clk 1:07:14]} Qg6 {[%clk 0:54:58]} 25. Nd6 {[%clk 1:06:42]} Rb8
{[%clk 0:53:29]} 26. Rxf8+ {[%clk 1:04:51]} Nxf8 {[%clk 0:53:48]} 27. Rf1
{[%clk 1:05:12]} Kg8 {[%clk 0:52:58]} 28. Rf7 {[%clk 1:02:23]} Ba6
{[%clk 0:52:33]} 29. Be1 {[%clk 0:59:27]} Ra8 {[%clk 0:44:14]} 30. Qf3
{[%clk 0:53:32]} Bd3 {[%clk 0:38:25]} 31. h4 {[%clk 0:48:27]} h5 {[%clk 0:31:32]}
32. Bd2 {[%clk 0:41:37]} a5 {[%clk 0:27:13]} 33. Bg5 {[%clk 0:40:14]} Be4
{[%clk 0:25:46]} 34. Qf2 {[%clk 0:40:13]} Nh7 {[%clk 0:25:20]} 35. bxa5
{[%clk 0:34:19]} Nxg5 {[%clk 0:23:19]} 36. hxg5 {[%clk 0:34:39]} bxa5
{[%clk 0:22:10]} 37. Qd2 {[%clk 0:34:22]} h4 {[%clk 0:19:26]} 38. Qf4
{[%clk 0:31:45]} h3 {[%clk 0:18:14]} 39. gxh3 {[%clk 0:31:09]} Rb8
{[%clk 0:18:05]} 40. Rc7 {[%clk 0:25:15]} Rb1+ {[%clk 0:10:50]} 41. Kf2
{[%clk 0:25:05]} Rb2+ {[%clk 0:10:00]} 42. Ke1 {[%clk 0:25:18]} Rb8
{[%clk 0:07:15]} 43. Nc8 {[%clk 0:17:07]} Kh8 {[%clk 0:27:44]} 44. Qf8+
{[%clk 0:48:32]} Kh7 {[%clk 0:27:43]} 45. Qf4 {[%clk 0:48:51]} Rb1+
{[%clk 0:27:18]} 46. Kd2 {[%clk 0:49:05]} Rb2+ {[%clk 0:27:19]} 47. Ke1
{[%clk 0:49:25]} Bf3 {[%clk 0:25:39]} 48. Nd6 {[%clk 0:43:23]} Bh5
{[%clk 0:22:52]} 49. h4 {[%clk 0:39:23]} Rg2 {[%clk 0:20:35]} 50. Kf1
{[%clk 0:37:15]} Rg4 {[%clk 0:18:53]} 51. Qd2 {[%clk 0:34:26]} d4
{[%clk 0:17:06]} 52. Kf2 {[%clk 0:32:28]} Rxh4 {[%clk 0:17:00]} 53. Kg3
{[%clk 0:32:08]} Rg4+ {[%clk 0:17:22]} 54. Kh2 {[%clk 0:32:01]} d3
{[%clk 0:14:52]} 55. Re7 {[%clk 0:31:11]} Qxg5 {[%clk 0:11:54]} 56. Qxg5
{[%clk 0:30:45]} Rxg5 {[%clk 0:12:18]} 57. Ne4 {[%clk 0:30:30]} Rxe5
{[%clk 0:12:24]} 58. Nf6+ {[%clk 0:30:54]} Kg6 {[%clk 0:12:07]} 59. Nxh5
{[%clk 0:30:40]} Rxh5+ {[%clk 0:12:12]} 60. Kg3 {[%clk 0:31:02]} Kf6 0-1

[Event "msr2018"]
[Site "?"]
[Date "2018.04.22"]
[Round "3.4"]
[White "Franko, Ondrej"]
[Black "Sandor, Martin"]
[Result "1/2-1/2"]
[BlackElo "1964"]
[WhiteElo "1968"]
[LiveChessVersion "1.4.8"]

1. e4 {[%clk 1:30:56]} c5 {[%clk 1:30:50]} 2. Nf3 {[%clk 1:31:22]} d6
{[%clk 1:31:15]} 3. d4 {[%clk 1:31:48]} cxd4 {[%clk 1:31:39]} 4. Qxd4
{[%clk 1:32:14]} Nc6 {[%clk 1:31:59]} 5. Bb5 {[%clk 1:32:40]} a6 {[%clk 1:32:18]}
6. Bxc6+ {[%clk 1:33:05]} bxc6 {[%clk 1:32:44]} 7. O-O {[%clk 1:33:28]} e5
{[%clk 1:32:09]} 8. Qd3 {[%clk 1:33:05]} Nf6 {[%clk 1:31:48]} 9. c4
{[%clk 1:33:24]} Be7 {[%clk 1:32:09]} 10. Nc3 {[%clk 1:33:39]} O-O
{[%clk 1:32:27]} 11. b3 {[%clk 1:29:21]} Qc7 {[%clk 1:31:59]} 12. h3
{[%clk 1:27:31]} Rd8 {[%clk 1:31:07]} 13. Rd1 {[%clk 1:27:26]} h6
{[%clk 1:29:13]} 14. Be3 {[%clk 1:27:40]} Be6 {[%clk 1:28:01]} 15. Rac1
{[%clk 1:27:59]} Rab8 {[%clk 1:14:39]} 16. Ne1 {[%clk 1:19:55]} Rb7
{[%clk 0:46:27]} 17. Nd5 {[%clk 1:12:33]} cxd5 {[%clk 0:44:03]} 18. cxd5
{[%clk 1:12:57]} Qa5 {[%clk 0:43:49]} 19. dxe6 {[%clk 1:13:19]} fxe6
{[%clk 0:43:36]} 20. Rc2 {[%clk 1:05:21]} d5 {[%clk 0:38:24]} 21. exd5
{[%clk 1:04:25]} exd5 {[%clk 0:34:23]} 22. Bd2 {[%clk 1:00:59]} Bb4
{[%clk 0:23:16]} 23. Bxb4 {[%clk 1:00:27]} Rxb4 {[%clk 0:23:31]} 24. Qg3
{[%clk 0:44:01]} d4 {[%clk 0:15:40]} 25. Nd3 {[%clk 0:35:29]} Rb5
{[%clk 0:15:17]} 26. Rc6 {[%clk 0:34:05]} Kh8 {[%clk 0:12:23]} 27. Rxf6
{[%clk 0:25:27]} gxf6 {[%clk 0:10:29]} 28. Qg6 {[%clk 0:25:52]} Qb6
{[%clk 0:06:23]} 29. Qxh6+ {[%clk 0:26:16]} Kg8 {[%clk 0:06:48]} 30. Qg6+
{[%clk 0:26:18]} Kf8 {[%clk 0:05:17]} 31. Qh6+ {[%clk 0:26:27]} Ke7
{[%clk 0:04:11]} 32. Qg7+ {[%clk 0:26:44]} Ke6 1/2-1/2

[Event "msr2018"]
[Site "?"]
[Date "2018.04.22"]
[Round "3.5"]
[White "Verbovsky, Michal"]
[Black "Gzib, David"]
[Result "1-0"]
[BlackElo "1923"]
[WhiteElo "1924"]
[LiveChessVersion "1.4.8"]

1. d4 {[%clk 1:30:54]} Nf6 {[%clk 1:30:44]} 2. Nf3 {[%clk 1:31:01]} g6
{[%clk 1:30:13]} 3. e3 {[%clk 1:30:33]} Bg7 {[%clk 1:30:18]} 4. Bd3
{[%clk 1:30:32]} d5 {[%clk 1:29:09]} 5. O-O {[%clk 1:30:33]} O-O {[%clk 1:25:19]}
6. Nbd2 {[%clk 1:30:15]} b6 {[%clk 1:21:20]} 7. Ne5 {[%clk 1:29:01]} Nfd7
{[%clk 1:19:21]} 8. f4 {[%clk 1:27:41]} Nxe5 {[%clk 1:17:18]} 9. fxe5
{[%clk 1:27:45]} c5 {[%clk 1:15:54]} 10. c3 {[%clk 1:27:17]} Ba6 {[%clk 1:14:52]}
11. Bxa6 {[%clk 1:26:15]} Nxa6 {[%clk 1:15:20]} 12. Qe2 {[%clk 1:26:26]} Nc7
{[%clk 1:13:52]} 13. Nf3 {[%clk 1:25:09]} Ne6 {[%clk 1:11:03]} 14. Bd2
{[%clk 1:21:26]} Qd7 {[%clk 1:08:05]} 15. Be1 {[%clk 1:16:16]} Rfc8
{[%clk 1:05:03]} 16. Bh4 {[%clk 1:14:22]} cxd4 {[%clk 1:01:56]} 17. exd4
{[%clk 1:14:35]} b5 {[%clk 1:01:26]} 18. a3 {[%clk 1:14:30]} a5 {[%clk 1:01:41]}
19. Ng5 {[%clk 1:13:57]} Nxg5 {[%clk 1:01:17]} 20. Bxg5 {[%clk 1:14:19]} h6
{[%clk 0:55:54]} 21. Bd2 {[%clk 1:13:38]} e6 {[%clk 0:52:32]} 22. Qd3
{[%clk 1:11:56]} Bf8 {[%clk 0:48:39]} 23. Qh3 {[%clk 1:10:02]} g5
{[%clk 0:36:03]} 24. Qh5 {[%clk 1:08:19]} Qe8 {[%clk 0:29:31]} 25. Rf6
{[%clk 1:06:00]} Bg7 {[%clk 0:25:00]} 26. h4 {[%clk 1:01:26]} gxh4
{[%clk 0:19:39]} 27. Raf1 {[%clk 0:58:49]} Rc7 {[%clk 0:15:44]} 28. Bxh6
{[%clk 0:58:17]} Qf8 {[%clk 0:15:40]} 29. R1f4 {[%clk 0:57:45]} 1-0

[Event "msr2018"]
[Site "?"]
[Date "2018.04.22"]
[Round "3.6"]
[White "Stauder, Matej"]
[Black "Ferencak, Jakub"]
[Result "0-1"]
[BlackElo "1974"]
[WhiteElo "1881"]
[LiveChessVersion "1.4.8"]

1. d4 {[%clk 1:30:55]} f5 {[%clk 1:30:01]} 2. Nf3 {[%clk 1:30:09]} Nf6
{[%clk 1:29:40]} 3. Bf4 {[%clk 1:30:08]} d6 {[%clk 1:28:40]} 4. e3
{[%clk 1:30:08]} g6 {[%clk 1:27:36]} 5. Bc4 {[%clk 1:28:50]} e6 {[%clk 1:22:58]}
6. c3 {[%clk 1:27:19]} d5 {[%clk 1:19:26]} 7. Bb3 {[%clk 1:27:04]} Nbd7
{[%clk 1:18:22]} 8. Nbd2 {[%clk 1:24:34]} Bd6 {[%clk 1:13:59]} 9. Ne5
{[%clk 1:21:00]} Nh5 {[%clk 1:10:47]} 10. h4 {[%clk 1:00:53]} Nxe5
{[%clk 1:03:43]} 11. dxe5 {[%clk 0:59:52]} Be7 {[%clk 1:00:28]} 12. Nf3
{[%clk 0:56:20]} Nxf4 {[%clk 1:00:36]} 13. exf4 {[%clk 0:56:40]} Bd7
{[%clk 0:57:21]} 14. g3 {[%clk 0:48:31]} c5 {[%clk 0:52:14]} 15. Qe2
{[%clk 0:43:02]} Qb6 {[%clk 0:50:25]} 16. O-O {[%clk 0:32:25]} Bb5
{[%clk 0:36:17]} 17. c4 {[%clk 0:32:22]} Bxc4 {[%clk 0:36:30]} 18. Bxc4
{[%clk 0:32:43]} dxc4 {[%clk 0:36:55]} 19. Qxc4 {[%clk 0:33:03]} Qc6
{[%clk 0:37:04]} 20. Ng5 {[%clk 0:32:21]} Bxg5 {[%clk 0:36:28]} 21. fxg5
{[%clk 0:32:39]} Kf7 {[%clk 0:33:57]} 22. Rac1 {[%clk 0:32:03]} Rac8
{[%clk 0:33:34]} 23. Rc3 {[%clk 0:21:59]} Rhd8 {[%clk 0:30:11]} 24. Qe2
{[%clk 0:14:55]} Rd5 {[%clk 0:27:30]} 25. Rd1 {[%clk 0:12:14]} Rcd8
{[%clk 0:23:32]} 26. Rxd5 {[%clk 0:08:49]} Qxd5 {[%clk 0:21:42]} 27. Qb5
{[%clk 0:05:05]} b6 {[%clk 0:21:35]} 28. Ra3 {[%clk 0:05:10]} Rd7
{[%clk 0:20:21]} 29. Qe2 {[%clk 0:04:43]} Ke7 {[%clk 0:19:54]} 30. g4
{[%clk 0:03:22]} Qd1+ {[%clk 0:13:16]} 31. Qxd1 {[%clk 0:03:40]} Rxd1+
{[%clk 0:13:41]} 32. Kg2 {[%clk 0:04:04]} Rd7 {[%clk 0:13:38]} 33. Kf3
{[%clk 0:03:35]} c4 {[%clk 0:12:33]} 34. gxf5 {[%clk 0:03:49]} exf5
{[%clk 0:12:49]} 35. Ke3 {[%clk 0:04:04]} Ke6 {[%clk 0:13:02]} 36. f4
{[%clk 0:04:16]} a5 {[%clk 0:11:46]} 37. Rc3 {[%clk 0:04:36]} Kd5
{[%clk 0:06:17]} 38. b3 {[%clk 0:03:01]} b5 {[%clk 0:05:20]} 39. a4
{[%clk 0:01:00]} bxa4 {[%clk 0:03:11]} 40. Rxc4 {[%clk 0:00:33]} axb3
{[%clk 0:03:25]} 41. Rd4+ {[%clk 0:00:43]} Ke6 {[%clk 0:03:41]} 42. Rxd7
{[%clk 0:01:05]} Kxd7 {[%clk 0:04:04]} 43. Kd3 {[%clk 0:01:26]} a4
{[%clk 0:04:28]} 44. Kc3 {[%clk 0:01:49]} Ke6 {[%clk 0:03:54]} 45. Kb2
{[%clk 0:01:53]} Kd5 {[%clk 0:04:11]} 46. Ka3 {[%clk 0:01:24]} Kc5
{[%clk 0:04:19]} 47. Kb2 {[%clk 0:01:20]} Kb4 {[%clk 0:02:49]} 48. e6
{[%clk 0:28:14]} a3+ {[%clk 0:33:42]} 49. Kb1 {[%clk 0:27:25]} Kc3
{[%clk 0:33:58]} 50. e7 {[%clk 0:26:36]} a2+ {[%clk 0:34:13]} 51. Ka1
{[%clk 0:26:59]} Kc2 {[%clk 0:34:36]} 52. e8=Q {[%clk 0:27:18]} b2+
{[%clk 0:35:03]} 53. Kxa2 {[%clk 0:27:38]} b1=Q+ {[%clk 0:35:27]} 54. Ka3
{[%clk 0:28:00]} Qb3# 0-1

[Event "msr2018"]
[Site "?"]
[Date "2018.04.22"]
[Round "3.7"]
[White "Bango, Lukas"]
[Black "Pogadl, Jakub"]
[Result "1-0"]
[BlackElo "1632"]
[WhiteElo "2127"]
[LiveChessVersion "1.4.8"]

1. d4 {[%clk 1:30:20]} Nf6 {[%clk 1:30:52]} 2. Nc3 {[%clk 1:30:16]} g6
{[%clk 1:31:07]} 3. e4 {[%clk 1:30:42]} d6 {[%clk 1:31:17]} 4. f3
{[%clk 1:30:55]} Bg7 {[%clk 1:31:19]} 5. Be3 {[%clk 1:31:11]} O-O
{[%clk 1:31:33]} 6. Qd2 {[%clk 1:31:38]} Re8 {[%clk 1:30:03]} 7. O-O-O
{[%clk 1:31:56]} Nbd7 {[%clk 1:29:30]} 8. Bc4 {[%clk 1:30:16]} b6
{[%clk 1:24:35]} 9. h4 {[%clk 1:29:35]} c5 {[%clk 1:20:29]} 10. Nh3
{[%clk 1:29:25]} cxd4 {[%clk 1:19:24]} 11. Bxf7+ {[%clk 1:21:19]} Kh8
{[%clk 1:10:39]} 12. Bxd4 {[%clk 1:20:20]} Rf8 {[%clk 1:08:52]} 13. Bd5
{[%clk 1:20:21]} Rb8 {[%clk 1:07:58]} 14. Ng5 {[%clk 1:20:35]} Nc5
{[%clk 1:03:43]} 15. Nf7+ {[%clk 1:19:58]} Rxf7 {[%clk 1:03:55]} 16. Bxf7
{[%clk 1:20:25]} e6 {[%clk 1:03:10]} 17. Bxc5 {[%clk 1:20:47]} bxc5
{[%clk 1:01:36]} 18. Qxd6 {[%clk 1:21:11]} Qxd6 {[%clk 0:59:09]} 19. Rxd6
{[%clk 1:21:35]} Bd7 {[%clk 0:56:41]} 20. e5 {[%clk 1:22:00]} Bh6+
{[%clk 0:56:26]} 21. Kb1 {[%clk 1:22:16]} Rf8 {[%clk 0:56:42]} 22. Bxe6
{[%clk 1:22:20]} Bxe6 {[%clk 0:57:01]} 23. Rxe6 {[%clk 1:22:46]} Nd7
{[%clk 0:57:13]} 24. h5 {[%clk 1:22:13]} Kg7 {[%clk 0:56:42]} 25. hxg6
{[%clk 1:22:25]} hxg6 {[%clk 0:56:56]} 26. Re7+ {[%clk 1:22:51]} Rf7
{[%clk 0:57:12]} 27. Rxf7+ {[%clk 1:23:17]} 1-0

[Event "msr2018"]
[Site "?"]
[Date "2018.04.22"]
[Round "3.8"]
[White "Angelovic, Adrian"]
[Black "Panko, Eduard"]
[Result "0-1"]
[BlackElo "1949"]
[WhiteElo "1645"]
[LiveChessVersion "1.4.8"]

1. e4 {[%clk 1:30:59]} g6 {[%clk 1:30:44]} 2. d4 {[%clk 1:31:24]} Bg7
{[%clk 1:31:00]} 3. Nf3 {[%clk 1:31:38]} c5 {[%clk 1:30:36]} 4. d5
{[%clk 1:30:33]} d6 {[%clk 1:30:09]} 5. c3 {[%clk 1:30:10]} Nf6 {[%clk 1:29:32]}
6. Qa4+ {[%clk 1:27:22]} Bd7 {[%clk 1:29:04]} 7. Bb5 {[%clk 1:27:13]} O-O
{[%clk 1:28:58]} 8. Nbd2 {[%clk 1:26:32]} a6 {[%clk 1:28:10]} 9. Bxd7
{[%clk 1:26:49]} Nbxd7 {[%clk 1:28:26]} 10. O-O {[%clk 1:27:00]} b5
{[%clk 1:27:56]} 11. Qc2 {[%clk 1:27:00]} Qc7 {[%clk 1:26:48]} 12. Nb3
{[%clk 1:24:55]} a5 {[%clk 1:24:37]} 13. Bg5 {[%clk 1:23:06]} Rfb8
{[%clk 1:23:16]} 14. Rad1 {[%clk 1:21:45]} Rb7 {[%clk 1:17:05]} 15. Rfe1
{[%clk 1:19:31]} b4 {[%clk 1:10:51]} 16. c4 {[%clk 1:19:30]} a4 {[%clk 1:10:09]}
17. Nbd2 {[%clk 1:19:56]} Qb8 {[%clk 1:07:33]} 18. Qc1 {[%clk 1:17:41]} h6
{[%clk 1:04:50]} 19. Bf4 {[%clk 1:17:22]} Nh5 {[%clk 1:04:21]} 20. Be3
{[%clk 1:16:22]} Kh7 {[%clk 1:03:36]} 21. h4 {[%clk 1:09:40]} Qh8
{[%clk 1:00:56]} 22. g4 {[%clk 1:08:27]} Nhf6 {[%clk 1:00:57]} 23. Nh2
{[%clk 1:03:59]} Ne5 {[%clk 1:00:06]} 24. Ndf1 {[%clk 1:01:11]} Nexg4
{[%clk 0:59:56]} 25. Nxg4 {[%clk 1:01:17]} Nxg4 {[%clk 1:00:17]} 26. Rd2
{[%clk 1:01:29]} Nxe3 {[%clk 1:00:15]} 27. Rxe3 {[%clk 1:01:34]} h5
{[%clk 1:00:23]} 28. f4 {[%clk 1:01:03]} Bd4 {[%clk 1:00:44]} 0-1

[Event "msr2018"]
[Site "?"]
[Date "2018.04.22"]
[Round "3.9"]
[White "Vadila, Ondrej"]
[Black "Turcan, Richard"]
[Result "0-1"]
[BlackElo "2171"]
[WhiteElo "2023"]
[LiveChessVersion "1.4.8"]

1. d4 {[%clk 1:30:58]} Nf6 {[%clk 1:30:16]} 2. Bf4 {[%clk 1:31:26]} d5
{[%clk 1:29:41]} 3. e3 {[%clk 1:31:49]} Bf5 {[%clk 1:14:52]} 4. Bd3
{[%clk 1:31:54]} Bxd3 {[%clk 1:14:14]} 5. Qxd3 {[%clk 1:32:19]} c6
{[%clk 1:14:28]} 6. Nf3 {[%clk 1:31:53]} e6 {[%clk 1:14:05]} 7. Nbd2
{[%clk 1:25:11]} Bd6 {[%clk 1:10:00]} 8. Bxd6 Qxd6 {[%clk 1:10:27]} 9. Ne5
{[%clk 1:12:13]} Nfd7 {[%clk 1:06:53]} 10. f4 {[%clk 1:06:05]} f6
{[%clk 1:00:08]} 11. Nef3 {[%clk 1:00:40]} O-O {[%clk 0:47:36]} 12. O-O-O
{[%clk 0:53:14]} c5 {[%clk 0:43:00]} 13. c3 {[%clk 0:49:47]} c4 {[%clk 0:39:56]}
14. Qc2 {[%clk 0:43:01]} Nc6 {[%clk 0:36:00]} 15. f5 {[%clk 0:42:02]} e5
{[%clk 0:23:58]} 16. dxe5 {[%clk 0:36:19]} Ncxe5 {[%clk 0:23:24]} 17. Nxe5
{[%clk 0:32:23]} Nxe5 {[%clk 0:23:18]} 18. Nf3 {[%clk 0:28:28]} Nd3+
{[%clk 0:20:32]} 19. Kb1 {[%clk 0:27:59]} Rfe8 {[%clk 0:20:00]} 20. Rxd3
{[%clk 0:24:10]} cxd3 {[%clk 0:19:43]} 21. Qxd3 {[%clk 0:24:34]} Qc5
{[%clk 0:18:31]} 22. Nd4 {[%clk 0:24:39]} Re5 {[%clk 0:17:26]} 23. Re1
{[%clk 0:24:28]} Rae8 {[%clk 0:16:26]} 24. Ne6 {[%clk 0:24:21]} Qc4
{[%clk 0:16:12]} 25. Qxc4 {[%clk 0:20:26]} dxc4 {[%clk 0:16:40]} 26. e4
{[%clk 0:20:47]} h5 {[%clk 0:15:55]} 27. Re3 {[%clk 0:18:36]} g6 {[%clk 0:12:14]}
28. Rg3 {[%clk 0:17:37]} Kf7 {[%clk 0:12:30]} 29. Nd4 {[%clk 0:15:03]} Rxe4
{[%clk 0:10:02]} 30. fxg6+ {[%clk 0:15:18]} Kg8 {[%clk 0:10:21]} 31. a4
{[%clk 0:14:22]} Rg4 {[%clk 0:06:52]} 32. Rxg4 {[%clk 0:11:50]} hxg4
{[%clk 0:07:18]} 33. Nf5 {[%clk 0:12:02]} Re2 {[%clk 0:07:00]} 34. h4
{[%clk 0:11:53]} gxh3 {[%clk 0:04:39]} 35. gxh3 {[%clk 0:12:18]} Re5
{[%clk 0:04:29]} 36. Nd6 {[%clk 0:12:12]} Ra5 {[%clk 0:03:39]} 37. Nxc4
{[%clk 0:11:58]} Rxa4 {[%clk 0:03:46]} 38. Nd6 {[%clk 0:12:07]} Kg7
{[%clk 0:03:24]} 39. Nxb7 {[%clk 0:12:24]} Kxg6 {[%clk 0:03:00]} 40. b4
{[%clk 0:12:41]} f5 {[%clk 0:01:03]} 41. Nc5 {[%clk 0:12:54]} f4 {[%clk 0:00:35]}
42. Nd3 {[%clk 0:28:23]} Kf5 {[%clk 0:30:20]} 43. Kb2 {[%clk 0:25:38]} f3
{[%clk 0:29:15]} 44. Kb3 {[%clk 0:20:34]} Ra1 {[%clk 0:28:14]} 45. Nf2
{[%clk 0:19:29]} Kf4 {[%clk 0:24:55]} 46. c4 {[%clk 0:18:31]} Rf1
{[%clk 0:21:02]} 47. Ng4 {[%clk 0:17:30]} Rg1 {[%clk 0:18:46]} 48. Nf2
{[%clk 0:17:24]} Ke3 {[%clk 0:18:44]} 49. Ng4+ {[%clk 0:17:37]} 0-1